000 01055nmc a2200373 a 4500
003 AR-BaBNM
005 20251128205634.0
008 038019s1996 ||||||||||||||000 | spa||
020 _a950-808-087-3
040 _cAR-BaBNM
245 1 0 _aDesarrollos de la teoría política contemporánea
260 _aRosario
_bHomo Sapiens Ediciones
_c1996
300 _a144 p.
_btablas
490 0 _aEstudios sociales
504 _aAlgunos de los trabajos cuentan con bibliografía para consultar al final del trabajo
650 4 _aPOLITICA
650 4 _aDEMOCRACIA
650 4 _aECONOMIA
650 4 _aPARTIDOS POLITICOS
650 4 _aINTEGRACION POLITICA
650 4 _aPOLITICOS
650 4 _aCIUDADANIA
650 4 _aCONSTITUCIONES
650 4 _aDERECHOS CIVILES Y POLITICOS
650 4 _aPODER POLITICO
650 4 _aESTADO
650 4 _aSISTEMAS POLITICOS
650 4 _aSIGLO VEINTE
651 4 _aArgentina
700 1 _aGaveglio, Silvia
_ecompilador
700 1 _aManero, Edgardo
_ecompilador
942 _cBK
998 _cMariana
999 _c12189
_d12189